Patrones generales del comercio marítimo por el Pacífico: mercados y rutas 1700-1850 /
Analiza la evolución del comercio marítimo entre países del Pacíico americano y de estos con el resto del mundo de 1700 a 1850. Plantea información sobre el comercio (principalmente de exportación) por los principales puertos del Pacífico y cambios en su importancia relativa. la información en mapas...
Sparad:
| Huvudupphovsman: | |
|---|---|
| Materialtyp: | Text |
| Ämnen: | |
| Taggar: |
Lägg till en tagg
Inga taggar, Lägg till första taggen!
|
MARC
| LEADER | 00000 a a2200000 04500 | ||
|---|---|---|---|
| 001 | 15639 | ||
| 003 | |||
| 040 | |||
| 100 | |a León, Jorge | ||
| 245 | |a Patrones generales del comercio marítimo por el Pacífico: |b mercados y rutas 1700-1850 / |c Jorge León | ||
| 520 | |a Analiza la evolución del comercio marítimo entre países del Pacíico americano y de estos con el resto del mundo de 1700 a 1850. Plantea información sobre el comercio (principalmente de exportación) por los principales puertos del Pacífico y cambios en su importancia relativa. la información en mapas y cuadros está referida al comercio global y al comercio por el Pacífico en tres períodos 1700-1710, 1790-1800 y 1820-1835. Se concluye que en su conjunto, el comercio interregional por el Pacífico fue menos dinámico que el comercio de América con Europa y se plantean algunas razones para explicar esta situación | ||
| 650 | |a COMERCIO INTERNACIONAL | ||
| 650 | |a TRANSPORTE MARITIMO | ||
| 650 | |a TRAFICO MARITIMO | ||
| 650 | |a VIAS DE NAVEGACION INTERNACIONALES | ||
| 650 | |a HISTORIA | ||
| 650 | |a MERCADOS | ||
| 650 | |a EXPORTACIONES | ||
| 650 | |a BUQUES | ||
| 773 | |g número 43; páginas 289-346 | ||
| 999 | |c 22594 |d 22594 | ||
